Word Ladder: John Adams' Last Words Quiz Stats

 Plays Quiz Updated May 4, 2019

Score 0/33 Timer 03:00
1 Play Today
Clue Word % Correct
Where there's smoke, there's ____FIRE
98%
Centre part of an apple or the EarthCORE
97.8%
Edible ice cream holderCONE
97.7%
Opposite of prosCONS
97.6%
Golfer's shout★ FORE ★
97.2%
British elevatorLIFT
97.2%
Male offspring (plural)★ SONS ★
96.8%
Small capsule or tablet of medicinePILL
96.8%
____, Liberty and the pursuit of HappinessLIFE
96.4%
Gluttony, pride, and slothSINS
96.3%
Floor covering or Scrabble letter pieceTILE
96.2%
Heap or stackPILE
96.2%
Ocean sport of trying to ride waves★ SURF ★
96%
Evergreen treePINE
96%
Product of BF Goodrich or Michelin (US)TIRE
95.8%
Trigonometric functionSINE
95.4%
To prepare and cultivate soil for crops★ TILL ★
95.3%
Clue Word % Correct
Term of respect for a monarchSIRE
95.2%
Response meaning certainlySURE
95.2%
Military flute often played alongside a drumFIFE
94.8%
Artificial sports field, like the astro- varietyTURF
94.4%
Bridges, Daniels, or Bezos★ JEFF ★
94.2%
Individual between child and adult ageTEEN
93.9%
Observed with the eyesSEEN
93.5%
2, 4, 6, or 8, e.g.EVEN
92.6%
To move left or rightTURN
92.5%
Type of bird often found near seas and wetlandsTERN
91.1%
Slang for in a (quick) momentJIFF
91%
Nights before Christmas and New Year's DayEVES
90.5%
Reindeer character in 'Frozen'SVEN
90.3%
Paired with Raff to mean rubbish, dregsRIFF
89.8%
Crevasse or VR company OculusRIFT
87.8%
Singing snowman Burl (or partner of printmaker Currier)★ IVES ★
76.2%

Today's Daily Dose

Word Ladder
Lean on Me

Get the Picture
Superhero by Villain

You're not logged in!

Compare scores with friends on all Sporcle quizzes.
OR
Log In

Sporcle TV

Today on Sporcle TV


Watch our educational content, quiz creation guides, and fun videos on Sporcle TV.

Show Comments

Extras

Top Quizzes Today


Score Distribution

Your Account Isn't Verified!

In order to create a playlist on Sporcle, you need to verify the email address you used during registration. Go to your Sporcle Settings to finish the process.

Report this User

Report this user for behavior that violates our Community Guidelines.

Details: